It looks like you're offline.
Open Library logo
additional options menu

MARC record from Internet Archive

LEADER: 03452cam a2200493Ma 4500
001 816030913
003 OCoLC
005 20151005114129.0
008 130423s2013 nyu e 000 1 eng
020 $a9781476730943 (pbk)
020 $a1476730946 (pbk)
029 0 $aAU@$b000051432443
029 1 $aNZ1$b14873044
035 $a816030913
035 $a(OCoLC)847481501
040 $aAU@$beng$cAU@$dSFR$dUtOrBLW
049 $aSFRA
082 04 $a813/.6$223
092 $aF$bMILLAY K
100 1 $aMillay, Katja.
245 14 $aThe sea of tranquility :$ba novel /$cKatja Millay.
250 $aFirst Atria Paperback ed.
260 $aNew York :$bAtria Books,$c2013.
300 $a428 p. ;$c21 cm
336 $atext$btxt$2rdacontent
337 $aunmediated$bn$2rdamedia
338 $avolume$bnc$2rdacarrier
520 $aI live in a world without magic or miracles. A place where there are no clairvoyants or shapeshifters, no angels or superhuman boys to save you. A place where people die and music disintegrates and things suck. I am pressed so hard against the earth by the weight of reality that some days I wonder how I am still able to lift my feet to walk. Former piano prodigy Nastya Kashnikov wants two things: to get through high school without anyone learning about her past and to make the boy who took everything from her-her identity, her spirit, her will to live-pay. All Josh Bennett wants is to be left alone, and everyone allows it because they all know his story: each person he loved was taken from his life until at seventeen years old there was no one left. When your name is synonymous with death, people tend to give you your space. Everyone except Nastya, a new girl in town who won't go away until she's insinuated herself into every aspect of his life. But the more he gets to know her, the more of a mystery she becomes. As their relationship intensifies and the unanswered questions begin to pile up, he starts to wonder if he will ever learn the secrets she's been hiding--or if he even wants to. The Sea of Tranquility is a rich, intense, and brilliantly imagined story about a lonely boy, an emotionally fragile girl, and the miracle of second chances.
650 0 $aSecrets$vFiction.
650 0 $aIsolationism$vFiction.
650 0 $aMan-woman relationships$vFiction.
907 $a.b26976675$b12-16-18$c12-02-13
998 $axfs$an4$ao7$av3$b01-10-14$cm$da $e-$feng$gnyu$h4$i10
957 00 $aOCLC reclamation of 2017-18
907 $a.b26976675$b06-23-15$c12-02-13
956 $aPre-reclamation 001 value: ocn847481501
980 $a0114 jts
998 $a(2)b4$a(2)i5$a(4)xfs$a(2)n4$a(2)n6$a(2)o7$a(2)p7$a(2)v3$a(2)w2$b01-10-14$cm$da$e-$feng$gnyu$h4$i10
994 $aC0$bSFR
999 $yMARS
945 $aF$bMILLAY K$d - - $e07-17-2017 13:02$f0$g0$h07-20-17$i31223110786846$j281$0283$k - - $lxfsaa$o-$p$15.00$q-$r-$s- $t1$u14$v5$w0$x1$y.i76104205$z01-09-14
945 $aF$bMILLAY K$d - - $e07-24-2017 13:10$f0$g0$h08-16-17$i31223110786770$j261$0233$k - - $ln4aaa$ol$p$15.00$q-$r-$s- $t1$u11$v8$w0$x1$y.i7610414x$z01-09-14
945 $aF$bMILLAY K$d - - $e11-04-2018 15:45$f0$g0$h11-24-18$i31223110786796$j261$0263$k - - $lo7aaa$ol$p$15.00$q-$r-$s- $t1$u19$v16$w1$x1$y.i76104151$z01-09-14
945 $aF$bMILLAY K$d - - $e01-17-2018 13:56$f0$g0$h02-27-18$i31223110786812$j331$0800$k - - $lv3aaa$o-$p$15.00$q-$r-$s- $t1$u15$v14$w0$x2$y.i76104175$z01-09-14